Geography Trivia #2 - Statistics

General Stats
  • This quiz has been taken 42 times
  • The average score is 8 of 15
Answer Stats
Question Answer % Correct
What is the national animal of Australia? Kangaroo
89%
Which of the following islands is Portugueses? Azores Islands
83%
Which country is Yaoundé the capital city? Cameroon
78%
Which of the following cities is not located in Italy? Geneva
78%
What country is Qatar’s only border with? Saudi Arabia
72%
Which of the following Chinese cities were once a British Colony Hong Kong
61%
Which of the following countries is doubly landlocked? Liechtenstein
56%
In what country is the Angkor Wat located? Cambodia
44%
Which of the following USA cities did not host an F1 race in 2024? Chicago
44%
Which UK country is not represented in the Union Jack flag? Wales
39%
Which of the following countries is not located in the Middle East? Afghanistan
33%
Which of the following is a USA led trading bloc? OECD
33%
Which of the following countries is in South America? Panama
33%
How many land borders does Singapore have? 0
22%
How many countries are in the UN? 195
11%
No matching quizzes found
Score Distribution
Percent of People with Each Score
Percentile by Number Answered
Your Score History
You have not taken this quiz